Historical Figures whose Names starts with K - Statistics

General Stats
  • This quiz has been taken 43 times
  • The average score is 6 of 16
Answer Stats
Picture Hint Answer % Correct
the Communist Manifesto Karl Marx
100%
First woman vice president in the USA Kamala Harris
93%
Nirvana singer Kurt Cobain
90%
first leader of North-Korea Kim Il-sung
88%
Founder of the Yuan dynasty in China and the fifth khagan of the Mongol Empire Kublai Khan
43%
first chancellor of West-Germany Konrad Adenauer
38%
American artist and activist Keith Haring
29%
Egyptian pharaoh for whom the Great Pyramid of Giza was built Khufu
26%
Austrian statesman and key-figure in Congress of Vienna Klemens von Metternich
21%
woodblock ukiyo-e prints Katsushika Hokusai
19%
Falsificationism philosopher Karl Popper
17%
American mathematician and key-figure for NASA Katherine Johnson
12%
American frontiersman, fur trapper, wilderness guide, and U.S. Army officer Kit Carson
12%
Austrian biologist and physician who distinguished the main blood groups Karl Landsteiner
7%
Dutch painter and sculptor Karel Appel
5%
Spiritual leader and advocate for human rights Kirpal Singh
2%
No matching quizzes found
Score Distribution
Percent of People with Each Score
Percentile by Number Answered
Your Score History
You have not taken this quiz